000 00850nam a2200253 a 4500
008 951213s1984||||[C 0 slo c
020 _c30 Kčs.
_q(12700 výtl.)
040 _aSNK
_bslo
_cSNK
_eAACR2
041 1 _aslo
_hslo
044 _axo
_cSK
080 _a885.4-3
100 1 _aLenčo, Ján
_4aut
245 1 0 _aRozpamätávanie
_cJán Lenčo ; Břetislav Truhlář, Svetozár Mydlo, Ľubica Štuková, Pavol Blažo
250 _a3., vyd.
260 _aBratislava
_bSmena
_c1984
_eBratislava
_fPravda
300 _a344 s., 20,81 AH
_c21 cm
490 0 _aMáj
_vZv. 428.
500 _aIlustr. na front. Spoluvyd. Lidové nakladatelství, Mladá fronta a Naše vojsko, Praha.
700 1 _aTruhlář, Břetislav
_4[ADC]
700 1 _aMydlo, Svetozár
_4bkd
700 1 _aŠtuková, Ľubica
_4bkd
700 1 _aBlažo, Pavol
_4bkd
958 _aA
999 _c11988
_d11988